Methods in Nitric Oxide Research

Guardado en:
Detalles Bibliográficos
Autores principales: Feelish, Martin (Autor), Stamler, Jonathan S. (Autor)
Formato: Libro
Lenguaje:inglés
Publicado: Chichester : John Wiley & Sons, 1998
Etiquetas: Agregar Etiqueta
Sin Etiquetas, Sea el primero en etiquetar este registro!

MARC

LEADER 00000nam a22000003a 4500
001 stu48903
005 20190206124444.7
008 990113s1998------------------------eng-d
020 |a 0-471-95524-8 
040 |a STU  |b slo 
041 0 |a eng 
080 |a 546.172.6 
080 |a 546.174 
100 1 |a Feelish, Martin  |4 aut 
245 1 |a Methods in Nitric Oxide Research 
260 |a Chichester :  |b John Wiley & Sons,  |c 1998 
300 |a 712 s 
500 |a Obr.,tab.,grafy,lit.,index 
700 1 |a Stamler, Jonathan S.  |4 aut 
996 |b C95578  |c C*95578  |l CCII  |s P  |a 0  |w stu48903_0001